Responses for Show #3235 - Friday, October 2, 1998

Carolyn White game 4.

Contestants

[<< previous game]

Lawrence Brown, a customer service representative originally from Pass Christian, Mississippi

Jordan Lees, an internet technical support advisor from Riverside, California

Carolyn White, a retired management consultant from Tucson, Arizona (whose 3-day cash winnings total $31,000)

[next game >>]

Jeopardy! Round responses

STEPHEN KING
(Alex: The author? Yes!)
FIRESTARTER
THE STAND
(Alex: Are we noticing a trend here?)
THE "DEAD" ZONE
NEEDFUL THINGS
CHILDREN OF THE CORN
    $100 5
Cujo

Lawrence
    $100 3
Albert Einstein

Jordan
    $100 30
the Wall Street Journal

Lawrence
    $100 1
the seven deadly sins (or vices)

Carolyn
    $100 29
antennae

Carolyn
    $100 24
Malcolm X

Jordan
    $200 6
Carrie

Lawrence
    $200 4
Plato

Lawrence
    $200 19
the National Enquirer

Lawrence
    $200 2
The Grateful Dead

Lawrence
    $200 28
yarmulkes

Carolyn
    $200 23
Nick Nolte

Carolyn
    $300 7
Richard Bachman

Jordan
    $300 13
Charles Darwin

Carolyn
    $300 18
Variety

Carolyn
    $300 10
the Dead Sea Scrolls

Jordan
    $300 27
bow

Jordan
    $300 22
Dick Cavett

Carolyn
    $400 8
Macabre

Carolyn
    $400 14
Karl Marx

Lawrence
    $400 17
(Jordan: What is Playgirl?)

Cosmopolitan

CarolynJordan
    $400 11
(Lawrence: What are dead lookalikes?)

dead ringers

JordanLawrence
    $400 26
(Jordan: What is Tabasco?)

Worcestershire sauce

CarolynJordan
    $400 21
Willa Cather

Carolyn
    $500 9
(Clive: Who is Crichton?)

Clive Barker

Carolyn
    $500 15
Martin Luther

Jordan
    $500 16
TIME

Jordan
    $500 12
deadly nightshade

Carolyn
    $500 25
(Alex: We've got a minute left.)

protein

Lawrence
    $500 20
Bob Kerrey

Lawrence

Scores at the first commercial break (after clue 12):

Carolyn Jordan Lawrence
$500 $1,100 $300

Scores at the end of the Jeopardy! Round:

Carolyn Jordan Lawrence
$3,100 $1,700 $2,000

Double Jeopardy! Round responses

BIBLICAL BOTANY
COLLEGES, HITHER & YON
INAUGURAL ADDRESSES
THE OSCARS
YOUNGER MEN
SHAKESPEAREAN ANAGRAMS
    $200 16
Papyrus

Carolyn
    $200 5
San Juan

Jordan
    $200 21
"Ask what you can do for your country"

Carolyn
    $200 7
Johann Strauss II (a.k.a. "The Younger")

Jordan
    $200 1
Asp (for "sap")

Jordan
    $400 17
(Alex: Wasn't that the weirdest clue you've ever heard on this program? We will go to extreme lengths to tie in food with the Bible!)

Almonds

Carolyn
    $400 11
Rutgers

Carolyn
    $400 22
Franklin D. Roosevelt

Carolyn
    $400 8
Julius Caesar

Carolyn
    $400 2
"Othello" (for "Hello To")

Carolyn
    $600 18
(Alex: See, we're tying the Bible in with food again!)

Lentils

Carolyn
    $600 14
Oxford

Carolyn
    $600 23
(with less than a minute to go...)

Richard M. Nixon

Lawrence
    $600 27
[The end-of-round signal sounds.]

Burt Lancaster

Triple Stumper
    $600 9
Hans Holbein the Younger

Carolyn
    $600 3
Cressida (for "sad cries")

Jordan
    $800 19
Mustard seed

Carolyn
    $800 12
(Carolyn: What is Smith?)
...
(Alex: Not Smith, not Vassar, but [*].)

Wellesley

Carolyn
Triple Stumper
    $800 26
"Schindler's List"

Jordan
    $800 10
Pliny the Younger

Jordan
    $800 4
Regan (for "range")

Lawrence
    $1000 20
Barley

Triple Stumper
    $1,000 13
Dublin

Carolyn
    $1000 25
(Carolyn: Who is Arthur?)

Grover Cleveland

CarolynLawrence
    $1000 24
(Jordan: Who is Kate Winslet?)

Gloria Stuart

Jordan
Triple Stumper
    $1,000 15
William Pitt

Carolyn
    $1000 6
Laertes (for "real set")

Triple Stumper

Scores at the end of the Double Jeopardy! Round:

Carolyn Jordan Lawrence
$8,300 $3,500 $4,400

[wagering suggestions for these scores]

Final Jeopardy! Round responses

SPORTS AUTHORS
JordanWho has any clue?
$3,500
LawrenceWho is Mailer
$4,000
CarolynWho is Mailer
$500
George Plimpton

Final scores:

Carolyn Jordan Lawrence
$7,800 $0 $400
4-day champion: $38,800 3rd place: Jaguar Sports Watches 2nd place: Daewoo 19-inch TV with built-in VCR & Hooker Entertainment Center

Game dynamics:

Coryat scores:

Carolyn Jordan Lawrence
$8,800 $3,500 $4,400
25 R
(including 2 DDs),
3 W
(including 1 DD)
14 R,
3 W
12 R,
1 W

Combined Coryat: $16,700

[game clues] [game scores] [suggest correction]

Game tape date: 1998-07-22
The J! Archive is created by fans, for fans. Scraping, republication, monetization, and malicious use prohibited; this site may use cookies and collect identifying information. See terms. The Jeopardy! game show and all elements thereof, including but not limited to copyright and trademark thereto, are the property of Jeopardy Productions, Inc. and are protected under law. This website is not affiliated with, sponsored by, or operated by Jeopardy Productions, Inc. Join the discussion at JBoard.tv.